Principles of physics (Record no. 12072)

000 -LEADER
fixed length control field 00444nam a22001697a 4500
008 - FIXED-LENGTH DATA ELEMENTS--GENERAL INFORMATION
fixed length control field 220512b 2014 ||||| |||| 00| 0 eng d
020 ## - INTERNATIONAL STANDARD BOOK NUMBER
International Standard Book Number 9788126552566
082 ## - DEWEY DECIMAL CLASSIFICATION NUMBER
Classification number 530
Item number WAL
100 ## - MAIN ENTRY--PERSONAL NAME
Personal name Walker, Jearl
245 ## - TITLE STATEMENT
Title Principles of physics
250 ## - EDITION STATEMENT
Edition statement 10th
260 ## - PUBLICATION, DISTRIBUTION, ETC. (IMPRINT)
Place of publication, distribution, etc New Delhi
Name of publisher, distributor, etc Wiley India Pvt. Ltd.
Date of publication, distribution, etc 2014
300 ## - PHYSICAL DESCRIPTION
Extent xix, 1244p.
700 ## - ADDED ENTRY--PERSONAL NAME
Personal name Halliday, David
Relator term Co-author
700 ## - ADDED ENTRY--PERSONAL NAME
Personal name Resnick, robert
Relator term Co-author
942 ## - ADDED ENTRY ELEMENTS (KOHA)
Item type Gratis Books
Holdings
Withdrawn status Lost status Source of classification or shelving scheme Damaged status Not for loan Collection code Permanent location Current location Shelving location Date acquired Full call number Barcode Date last seen Koha item type Public note
          Non-fiction IMU-MPC Library IMU-MPC Library General Stacks 2022-05-12 530 WAL MPCG0434 2025-03-17 Gratis Books Column - 25
Copyright © 2021 Indian Maritime University, Mumbai Port Campus. All Rights Reserved. Managed & Maintained by Central Library, IMU-Mumbai

webs counters

Powered by Koha